000 00997nam a2200253 a 4500
001 BRCA_582
005 20190320203055.0
008 050908s2005 sp-a---##b---#000-0#spa-d
020 _a8460948137
040 _aNAnB-G
_cNAnB-G
_dDLC
041 _aspa
041 _aeng
050 4 _aNK4210.A5
_b.A53 2005
245 1 0 _aAlcora en Nueva York
_bla colección de cerámica de Alcora
_cedición Lourdes de Sanjosé Llongueras.
260 _aNueva York
_bThe Hispanic Society of Art : Real Fábrica de Loza de Alcora
_c2005
300 _a382 p.
_bil. a color
_c30 cm.
500 _aCatálogo de la exposición realizada en el Museo de Bellas Artes de Castellón (Castellón, España), 2005
500 _a2do. ejemplar en el Área de Investigación
504 _aBibliografía: p. 373-382
546 _aTexto en español e inglés
610 2 4 _aFábrica de Cerámica de Alcora
_vExposiciones
_92004
650 1 4 _aCerámica española
_vExposiciones
_ySiglos XVIII y XIX
_zEspaña
_92005
942 _2lcc
_cB
999 _c511
_d511